Countries with their stock market indexes - Statistics

General Stats
  • This quiz has been taken 107 times
  • The average score is 8 of 14
Answer Stats
Hint Answer % Correct
Nikkei 225/ Topix Japan
92%
DAX Germany
83%
Hang Seng Index Hong Kong
83%
FTSE 100 Index United Kingdom
74%
CAC 40 France
71%
IBovespa Brazil
56%
S&P/ASX Australia
51%
Sensex/Nifty India
45%
KOSPI South Korea
45%
S&P/TSX Canada
44%
CIS 300 Index/ SSE Composite Index China
41%
Straits Times Index Singapore
40%
MICEX/RTS Index Russia
31%
AEX Index Netherlands
20%
No matching quizzes found
Score Distribution
Percent of People with Each Score
Percentile by Number Answered
Your Score History
You have not taken this quiz